00512nam a2200241Ia 450000500170000000800460001702000150006303700070007804000080008504000080009304000080010104100080010904100080011708400160012508400080014110000190014924500280016824500190019626000140021526000230022926000090025230000090026120260401122219.0008 250103s9999 xx 000 0 eng d a8126708077 aTB aEDL beng cEDL 2eng aeng a891.433 SHU qEDL aShukla, Srilal 0aJahalat Ke Pachhas Saal 0cShukla, Srilal aNew Delhi bRajkamal Prakashan c2004 a426p